00413nam a2200133 a 450000100100000000500170001000800410002704000250006808200160009310000190010924500740012826000460020230000310024800002724420200930030709.0110324s1986 dr c 000 f spa d aDO-SdBNPbspacBNPHU axxxxbT231e1 aTavarez, Frank10aEncrucijada en la sombra :bel hombre que fue monja /cFrank Tavarez. aSanto Domingo :bEditora el Mundo,c1986. a112 p. :bretrs. ;c20 cm.